| 000 | 00495nam a2200181Ia 4500 | ||
|---|---|---|---|
| 003 | OSt | ||
| 005 | 20200121102026.0 | ||
| 008 | 190216s9999||||xx |||||||||||||| ||und|| | ||
| 040 | _coclc | ||
| 082 |
_a658.3 _bLIZ/H |
||
| 100 |
_aLizzy, E A _91047 |
||
| 245 | 0 |
_aHuman Resource Management / _cE A Lizzy |
|
| 250 | _a1st ed. | ||
| 260 |
_bPalaty Publications, _c2002. _aThrissur: |
||
| 300 | _a327p | ||
| 650 | _aManagement | ||
| 942 |
_cBK _2ddc _h658.3 _iLIZ/H _k658.3 _mLIZ/H |
||
| 999 |
_c6364 _d6364 |
||